| 000 | 00711nam a22001937a 4500 | ||
|---|---|---|---|
| 003 | BD-DhUL | ||
| 005 | 20160828160046.0 | ||
| 008 | 160828b1991 i ||||| |||| 00| 0 b d | ||
| 040 |
_cBD-DhUL _dBD-DhUL _dBD-DhUL |
||
| 082 |
_a907 _bCAC |
||
| 100 | 1 | _aকার,এইচ. ই. | |
| 245 |
_aকাকে বলে ইতিহাস ? /. _cএইচ. ই. কার |
||
| 260 |
_aকলকাতা: _bকে.পি. বাগচী, _c১৯৯১. |
||
| 300 |
_a ১৯১ পৃ.; _c৩০সেমি. |
||
| 504 | _aনির্ঘন্ট ও গ্রন্থপজ্ঞীগত ত্তথ্য সংবলিত | ||
| 650 | 0 | _vইতিহাস | |
| 651 | _vHistory | ||
| 942 |
_2ddc _cBK |
||
| 999 |
_c101853 _d101853 |
||